Zásady rozpisu kvót predaja mlieka

Podrobná bibliografia
Hlavný autor: Koncoš, Pavel, 1947- (Autor)
Médium: Článok
Jazyk:slovenčina
Predmet:

MARC

LEADER 00000nab a2200000 a 4500
001 vtls000702421
003 SK-MaSNL
005 20260303194003.0
008 180206c1999 xo 0 slo
015 |a SNBRB1999/09-19581 
035 |a CLN000054588 
040 |a SNKBUCL  |b slo  |c SNKBUCL  |e AACR2 
041 0 |a slo 
044 |a xo  |c SK 
080 |a 339.166(437.6):637.12  |2 UDC-MRF-SK2 
080 |a 637.12(437.6)  |2 UDC-MRF-SK2 
080 |a 354.83(437.6)  |2 UDC-MRF-SK2 
100 1 |a Koncoš, Pavel,  |d 1947-  |4 aut  |9 170113 
245 1 0 |a Zásady rozpisu kvót predaja mlieka  |c Pavel Končoš 
610 1 7 |a Slovensko.  |b Ministerstvo pôdohospodárstva  |2 snkbucl  |9 115174 
650 0 7 |a mlieko  |2 snkbucl  |9 3942 
650 0 7 |a kvóty  |2 snkbucl  |9 1061367 
655 7 |a články z novín a časopisov  |2 snkbucl  |9 267496 
773 0 |t Roľnícke noviny  |g Č. 188 (30.9.1999), s. 4 
850 |a Slovenská národná knižnica v Martine 
852 |a SNK  |b KIS3GCP 
958 |a RBX 
999 |c 2155083  |d 2157013